| 000 | 00000nam##2200000za#4500 |
| 001 | 9.573399 |
| 003 | CaOODSP |
| 005 | 20210624183702 |
| 007 | cr ||||||||||| |
| 008 | 150406|1999||||xxc|||||o f|0| 0 eng|d |
| 040 | |aCaOODSP|beng |
| 043 | |an-cn--- |
| 086 | 1 |aNH14-1/0391E-PDF |
| 110 | 2 |aCanada Mortgage and Housing Corporation. |
| 245 | 10|aImproving quality of life in boarding houses for the elderly / |h[electronic resource]|cby Julie Tasker-Brown. |
| 260 | |aOttawa - Ontario : |bCanada Mortgage and Housing Corporation |
| 300 | |a17p. |
| 490 | 1 |aAffordability and Choice Today (ACT) regulatory reform project|vOctober 1999 |
| 590 | |a12-31-Supp|b2012-07-06 |
| 720 | 1 |aTasker-Brown, Julie |
| 776 | 0#|tImproving quality of life in boarding houses for the elderly / |w(CaOODSP)9.534752 |
| 776 | 0#|tAmélioration de la qualité de vie dans les résidences pour personnes âgées / |w(CaOODSP)9.534753 |
| 830 | #0|aAffordability and Choice Today (ACT) regulatory reform project ;|vOctober 1999|w(CaOODSP)9.506898 |
| 856 | 40|ahttp://publications.gc.ca|qPDF|s73 KB|uhttps://publications.gc.ca/collections/Collection/NH14-1-0391E.pdf|yOctober 1999 |